000 00791naa a2200241 u 4500
001 05748
003 HDC
008 201225t xx o 000 0 eng
022 _a0583-3655
040 _aHDC
245 0 _aUNDANG-UNDANG MALAYSIA :
_bAkta 730 : AKTA PERIHAL DAGANGAN 2011
260 _a[No Place] :
_b[publisher not identified],
_c[no year]
300 _a53 pages
336 _atext
_2rdacontent
337 _acomputer
_2rdamedia
338 _aonline resource
_2rdacarrier
650 _aLaw
_zMalaysia
_96055
650 _aTrade law
_96056
856 _zRequest full-text at [email protected]
942 _2lcc
942 _cEBOOK
942 _kEBOK 001452
999 _c3072
_d3072